000 00618cab a2200217 4500
001 WB2610-22
008 090401t1990 xxu||||| |||| 00| 0 eng d
035 _a(Sirsi) u3465
041 _aeng
245 _aHousing cost index
260 _c1990
350 _a0
490 _aBuilding
_vvol 255 no 7637, 2/3/90 p16
520 _aThe Building Housing Cost Index for February 1990 stands at 499.62 which is 0.25% up on the previous month.
650 _aBUILT ENVIRONMENT-BUILDING COSTS
650 _aHOUSE BUILDING
650 _aSTATISTICS
690 _aHOUSING-DEVELOPMENT
942 _n0
948 _c04/03/1997
999 _c2130
_d2130